Statistiques concernant Culture Générale - Série 335

Cliquez ici pour prendre le quiz!

Statistiques générales

  • Ce quiz a été pris 189 fois
  • Le résultat moyen est 6 sur 10

Statistiques - réponses

QuestionRéponse% Correct
Quel titre le chef du gouvernement porte-t-il en Allemagne ?Chancelier
97%
De quelle boisson la cervoise des Gaulois est-elle l'ancêtre ?La bière
92%
Selon le titre d'un film de 1963, quel héros affronte le docteur No ?James Bond
75%
Quelles chaussures tiennent leur nom d'une cité de la Grèce antique ?Les spartiates
69%
Qui incarne le personnage de Fantômas aux côtés de Louis de Funès ?Jean Marais
60%
Quelle pâte un vitrier utilise-t-il pour fixer les vitres aux fenêtres ?Le mastic
53%
Quel département français a la plus petite superficie ?Paris
51%
Quel célèbre trio forment Croquignol, Ribouldingue et Filochard ?Les Pieds Nickelés
37%
Quel verbe désigne l'action d'amener progressivement un vin à température ?Chambrer
26%
Qui reçoit le césar de la meilleure actrice pour "La Vie rêvée des anges"?Elodie Bouchez
8%

Distribution des résultats

Percentile par nombre de réponses

% des personnes avec chaque résultat

Votre développement - résultats

Vous n’avez pas pris ce quiz